Language Quiz

Random Language or Artist Quiz
Score 0/17 Timer 05:00
0 Plays Today
% Correct
Breathe
93.7%
Butterfly
92.7%
Echoes
92.1%
Sorrow
92.1%
Hollywood
92.1%
Overture
91.9%
Sum
91.9%
Mother
91.7%
Quicksilver
91.3%
% Correct
Stay
91.3%
Sheep
91.3%
See-Saw
91.3%
Eclipse
90.9%
Stop
90.9%
Money
90.3%
If
89.5%
Time
89%
Remove Ads.
Support Sporcle.
Get the best of Sporcle when you Go Orange. This ad-free experience offers more features, more stats, and more fun while also helping to support Sporcle. Thank you for becoming a member.

You're not logged in!

Compare scores with friends on all Sporcle quizzes.
OR
Log In

Show Comments

Extras

Top Quizzes Today


Score Distribution

Your Account Isn't Verified!

In order to create a playlist on Sporcle, you need to verify the email address you used during registration. Go to your Sporcle Settings to finish the process.

Report this User

Report this user for behavior that violates our Community Guidelines.

Details: